Chain expansion quarterly marketview (Record no. 84116)

MARC details
000 -LEADER
fixed length control field 00931cad a22002175a 4500
001 - CONTROL NUMBER
control field L156681
008 - FIXED-LENGTH DATA ELEMENTS--GENERAL INFORMATION
fixed length control field 120622s2012 xxk 000 0 eng d
035 ## - SYSTEM CONTROL NUMBER
System control number (Sirsi) u156681
041 0# - LANGUAGE CODE
Language code of text/sound track or separate title eng
110 2# - MAIN ENTRY--CORPORATE NAME
Corporate name or jurisdiction name as entry element CBRE
245 00 - TITLE STATEMENT
Title Chain expansion quarterly marketview
Remainder of title Q1 2012
260 ## - PUBLICATION, DISTRIBUTION, ETC.
Place of publication, distribution, etc. London
Name of publisher, distributor, etc. CBRE
Date of publication, distribution, etc. 2012
490 #0 - SERIES STATEMENT
Series statement CBRE Chain Expansion Quarterly
Volume/sequential designation Q1 2012
520 ## - SUMMARY, ETC.
Summary, etc. Chain branch growth continues despite administrations. Internet impact on retail remains modest. The rate of branch growth is slowing.
520 ## - SUMMARY, ETC.
Summary, etc. Branch numbers continue to grow -- heading -- branch losses -- key drivers -- space shortages -- internet growth: property impact -- branch change 1998-2011 (all categories)
590 ## - LOCAL NOTE (RLIN)
Local note KA NTK
651 #4 - SUBJECT ADDED ENTRY--GEOGRAPHIC NAME
Geographic name United Kingdom
690 ## - LOCAL SUBJECT ADDED ENTRY--TOPICAL TERM (OCLC, RLIN)
Topical term or geographic name as entry element Commercial property
9 (RLIN) 6227
856 40 - ELECTRONIC LOCATION AND ACCESS
Uniform Resource Identifier <a href="https://www.cbre.eu/portal/pls/portal/res_rep.show_report?report_id=1863">https://www.cbre.eu/portal/pls/portal/res_rep.show_report?report_id=1863</a>
Public note View the report at www.cbre.eu
942 ## - ADDED ENTRY ELEMENTS (KOHA)
Suppress in OPAC 0
Holdings
Withdrawn status Lost status Source of classification or shelving scheme Damaged status Not for loan Home library Current library Shelving location Date acquired Total Checkouts Full call number Barcode Date last seen Copy number Price effective from Koha item type
    Dewey Decimal Classification     Virtual Virtual Online 22/06/2012   ONLINE PUBLICATION 156681-2001 06/08/2019 1 06/08/2019 Book